| 000 | 00702nam a2200229 a 4500 | ||
|---|---|---|---|
| 001 | BRCA_7118 | ||
| 005 | 20190320205723.0 | ||
| 008 | 221110s1947----nyua######---#000-0#eng-# | ||
| 041 | _aeng | ||
| 044 | _anyu | ||
| 050 | 4 |
_aN610 _b.F38 2 1947 |
|
| 245 | 1 | 0 |
_aFavorite paintings from the Metropolitan Museum _cedited by Members of The Metropolitan Museum Staff. |
| 260 |
_aNueva York _bArchway Press _cc1947 |
||
| 300 |
_a79 p. _bil., 15 láminas a color _c20 cm. |
||
| 440 | 0 |
_aEverybody´s Gallery _v2 _917693 |
|
| 500 | _aEjemplar igual a E32 | ||
| 500 | _aO138 | ||
| 650 | 1 | 4 |
_aPinturas _zNueva York _913194 |
| 650 | 1 | 4 |
_aGalerías y museos _zEstados Unidos _97437 |
| 902 | _aGFM | ||
| 942 |
_2lcc _cB |
||
| 999 |
_c6799 _d6799 |
||